00799nam a2200217Ii 45000010005000000030009000050080041000140400033000550410008000880820015000961000028001112450097001392640051002363000012002873360026002993370028003253380027003539400050003809990017004309520134004474557CO-ViMGA241108s9999||||xx |||||||||||||| ||und|| aCO-ViMGAbspaerdacCO-ViMGA0 aspa04a612.6 T9181 aAdolf Tüllmann94422910aVida amorosa de los pueblos naturales :bcomportamiento sexual de las comunidades primitivas 1aMadrid, España : Círculo de Lectores, 1971 avolumen atextbtxt2rdacontent aunmediatedbn2rdamedia avolumebnc2rdacarrier aidficha_siabuc: 4444. -- ficha_no_siabuc:4557 c38683d38683 001040708001aMEVIGERRbMEVIGERRcGENd2006-11-27o612.6 T918pECA3473r2024-11-25 15:05:27tEj.1w2024-11-25yBKz4444 | 6477